Book Titles - Statistics

General Stats
  • This quiz has been taken 35 times
  • The average score is 14 of 20
Answer Stats
Hint Answer % Correct
Mary Shelley Frankenstein
94%
George Orwell Animal Farm
90%
Lewis Carroll Alice in Wonderland
87%
Agatha Christie Murder on the Orient Express
87%
F.Scott Fitzgerald The Great Gatsby
87%
Charles Dickens A Tale of Two Cities
84%
Charlotte Bronte Jane Eyre
81%
Margaret Atwood The Handmaid's Tale
77%
Jane Austen Pride and Prejudice
71%
Leigh Bardugo Six of Crows
68%
Taylor Jenkins Reid The Seven Husbands of Evelyn Hugo
65%
Sarah J Maas Throne of Glass
65%
Alice Oseman Heartstopper
61%
Markus Zusak The Book Theif
61%
Donna Tartt The Secret History
61%
Alice Walker The Colour Purple
58%
Hilary Mantel Wolf Hall
58%
Bonnie Garmus Lessons in Chemistry
52%
Paula Hawkins The Girl on the Train
52%
Judy Blume Forever
48%
No matching quizzes found
Score Distribution
Percent of People with Each Score
Percentile by Number Answered
Your Score History
You have not taken this quiz